00394cam a22001337a 4500008004000000020001500040082001500055100002000070245005800090260003600148300001000184650004000194650002600234180718b2007 xxu||||| |||| 00| 0 eng d a8125032053 aJ7x54 Sh26 aShaw, Annapurna aIndian cities in transitioncedited by Annapurna Shaw aHyderabadbOrient Longmanc2007 a500p. aCities and towns - Economic aspects aCity planning - India